| 000 | 00420nam a22001697a 4500 | ||
|---|---|---|---|
| 003 | OSt | ||
| 008 | 210223b ||||| |||| 00| 0 eng d | ||
| 020 | _a9788129137005 | ||
| 082 | _a823.914 BOT | ||
| 100 | _aBOND, Ruskin | ||
| 245 | _aThe Essential Collection for Young Readers | ||
| 250 | _a17th Imp. | ||
| 260 |
_aNew Delhi _bRupa Publication _c2021 |
||
| 300 | _a202 | ||
| 650 | _aGeneral Books | ||
| 942 |
_2ddc _cBK |
||
| 999 |
_c10511 _d10511 |
||